| 000 | 00000nam##2200000za#4500 |
| 001 | 9.639758 |
| 003 | CaOODSP |
| 005 | 20210624222328 |
| 007 | cr ||||||||||| |
| 008 | 150407|2001||||xxc|||||o f|0| 0 fre|d |
| 040 | |aCaOODSP|bfre |
| 043 | |an-cn--- |
| 086 | 1 |aCi51-99/2001F-PDF |
| 110 | 1 |aCanada. |bCitoyenneté et immigration Canada. |
| 245 | 10|aCitoyenneté et immigration Canada : |h[ressource électronique]|bau service du Canada et du monde |
| 246 | 1 |iTitre de renvoi : |aAu service du Canada et du monde |
| 260 | |aOttawa - Ontario : |bCitoyenneté et Immigration Canada |cc2001. |
| 300 | |a10p.|bphotographies |
| 500 | |aLe n° de catalogue (Ci51-99/2001) et l'ISBN (0-662-65430-7) de l'édition imprimée bilingue ont été incorrectement copiés dans cette édition électronique. |
| 590 | |a12-18-Supp|b2012-04-25 |
| 691 | 07|aImmigration|2gcpds |
| 691 | 07|aServices gouvernementaux|2gcpds |
| 775 | 08|tCitizenship and Immigration Canada : |w(CaOODSP)9.695626 |
| 776 | 0#|tServing Canada and the world |w(CaOODSP)9.662429 |
| 776 | 0#|tAu service du Canada et du monde |w(CaOODSP)9.662430 |
| 856 | 40|ahttp://publications.gc.ca|qPDF|s596 Ko|uhttps://publications.gc.ca/collections/Collection/CI51-99-2001F.pdf |